00590nam a22001817a 450000500170000001000150001702000260003203500130005803700130007108200150008410000200009924501190011925000110023826000310024927000850028030000250036570000180039020140110112427.0 aENG-108999 a9788180389771c845.00 aEN-92532 bDBAD/PUB a346.540486 aChopra, Sheetal aPatent agent examination :cby Sheetal Chopra [and] Akash Tanejaba book for students and industry professionals / a3rd ed aGurgaonbLexis Nexisc2013 a14th floor, Building No 10, Tower-B, DLF Cyber City, Phase-ll, bGurgaone122002 axxi,714p.c24cm(pbk) dTaneja, Akash